| 000 | 00741nam a22002057a 4500 | ||
|---|---|---|---|
| 999 |
_c11000 _d11000 |
||
| 003 | AR-CdUCM | ||
| 008 | 190402b ||||| |||| 00| 0 spa d | ||
| 040 |
_aMUNICIPALIDAD PROVINCIAL DEL CUSCO _cBIBLIOTECA MUNICIPAL DEL CUSCO |
||
| 082 |
_a373.11 / _bS38 / 1939 |
||
| 100 |
_aSenet, Rodolfo _928106 |
||
| 245 | _aGuía para la observación y práctica pedagógica / | ||
| 260 |
_aBuenos Aires : _bKapelusz & Cía, _c1939. |
||
| 300 |
_a275 páginas ; _c20 cm. |
||
| 505 | _aContenido: La observación de las clases -- Practica pedagógica -- El plan de la lección -- El bosquejo de la lección ... | ||
| 650 |
_aEducación _9460 |
||
| 650 |
_aMetodología _92264 |
||
| 650 |
_aPedagogía _91560 |
||
| 942 |
_2ddc _cLIBROS |
||
| 945 | _aacv | ||